Uma Thurman Movies Quiz Stats

 Plays Quiz Updated Jan 1, 2021

Support Sporcle.
Go Orange.
Score 0/45 Timer 08:00
0 Plays Today
Year Movie % Correct
2003Kill Bill: Vol. 1
95.2%
2004Kill Bill: Vol. 2
95.2%
1994Pulp Fiction
75.1%
1997Batman & Robin
63.3%
2006My Super Ex-Girlfriend
52.4%
1998The Avengers
30.6%
1997Gattaca
22.6%
2005The Producers
20.2%
1996The Truth About Cats & Dogs
19.6%
1998Les Misérables
19.3%
2013Movie 43
17.9%
1988Dangerous Liaisons
16.9%
2005Prime
15%
2018The House That Jack Built
14.8%
2005Be Cool
13.9%
1993Mad Dog and Glory
11.9%
2003Paycheck
11.8%
2013Nymphomaniac: Vol. I
11.3%
2013Nymphomaniac: Vol. II
11.3%
2015Burnt
10%
1993Even Cowgirls Get the Blues
9.8%
1990Henry & June
9.6%
1988The Adventures of Baron Munchausen
9.4%
Year Movie % Correct
2012Bel Ami
8.9%
2012Playing for Keeps
7.6%
1996Beautiful Girls
7.2%
2018Down a Dark Hall
7.1%
2018The Con is On
6.8%
2010Percy Jackson and the Olympians: The Lightning Thief
6.3%
2020The War with Grandpa
6.2%
1992Jennifer Eight
5.8%
2008The Accidental Husband
5.7%
1988Johnny Be Good
5%
2001Tape
4.2%
2000The Golden Bowl
3.5%
1992Final Analysis
3.3%
2009Motherhood
3.2%
1999Sweet and Lowdown
2.9%
2000Vatel
2.8%
2007The Life Before Her Eyes
2.9%
1990Where the Heart Is
2.7%
2001Chelsea Walls
2.4%
1987Kiss Daddy Goodnight
2.4%
1995A Month by the Lake
2.2%
2010Ceremony
1.3%

From the Vault

Homonyms

by HenryFieldstone

The main thing is to keep the main thing the main thing.
Remove Ads.
Support Sporcle.
Get the best of Sporcle when you Go Orange. This ad-free experience offers more features, more stats, and more fun while also helping to support Sporcle. Thank you for becoming a member.

Show Comments

Extras

Top Quizzes Today


Score Distribution

Your Account Isn't Verified!

In order to create a playlist on Sporcle, you need to verify the email address you used during registration. Go to your Sporcle Settings to finish the process.

Report this User

Report this user for behavior that violates our Community Guidelines.

Details: